| 000 | 01075nam a2200361 a 4500 | ||
|---|---|---|---|
| 999 |
_c7456 _d7456 |
||
| 001 | 991033015329706706 | ||
| 003 | OSt | ||
| 005 | 20211130123443.0 | ||
| 008 | 060425s2005 spco || |001 ||spa | ||
| 015 |
_aLL2006 _2bnc |
||
| 017 |
_aDL B. 9069-2005 _bBiblioteca de Catalunya |
||
| 020 | _a8496284670 | ||
| 035 | _a(ES-BaCBU)b33407629-34csuc_network | ||
| 035 | _a(ES-BaCBU).b33407629 | ||
| 035 | _a(ccuc001)b33407629 | ||
| 035 | _a(OCoLC)803309646 | ||
| 040 |
_aES-BaBC _bcat _cES-BaBC _dCDMR |
||
| 043 |
_ae-sp--- _be-spcb- _2catmarc |
||
| 080 | _a929Pernau, Josep | ||
| 080 | _a070(467.1) | ||
| 100 | 1 |
_aPernau, Josep _9544 |
|
| 245 | 1 | 0 |
_aMemorias : _bconfieso que soy periodista / _cJosep Pernau |
| 260 |
_aBarcelona : _bRoca, _c2005 |
||
| 300 |
_a510 p., [8] f. de làm. : _bil. ; _c23 cm |
||
| 490 | 1 | _aPeriodistas | |
| 504 | _aÍndex | ||
| 600 | 1 | 0 |
_aPernau, Josep _2cantic _9544 |
| 830 | 0 | _aPeriodistas | |
| 907 |
_a.b33407629 _b22-06-21 _c09-05-08 _d07-05-08 _em _fa _g- _hspa _isp _j0 _k3 |
||
| 908 |
_aBC _aUAB _aUB |
||
| 940 | _aBC | ||
| 942 |
_2udc _cMON |
||